00634nam a2200169 i 450000100060000000300090000600500170001500700030003200800410003510000490007624500480012526000830017330000410025685200300029799900170032795201200034426501ES-MaACL20250824063027.0t|030109s1948 sp ||||1| spa d1 aAunós Pérez, Eduardo, d1894-196792392010aBiografía de Venecia / cEduardo Aunós. aZaragoza : bLibrería General, c[1948] (eMadrid : fGráficas González) a370 p., 10 lám. : bil. ; c26 cm. aES-MaACLjE-757 bR.26395 c26501d26501 00104070aATENEOMbATENEOMcDEPO2d2008-01-17eSCl0oE-757p1027352r2023-02-23 00:00:00w2023-02-23yMONOGRAFIA